• 首页
  • 本馆介绍
  • 公告通知
  • 最新文献
  • 馆藏检索
  • 电子资源
  • 读者导购
  • 参考咨询
  • 我的图书馆
  • 登录
  • 详细信息显示
  • 放入我的书架
  • 预约/预借图书
  • 作者相关作品
  • 分类相关作品
  • 丛书相关作品
  • 出版社相关作品

书目信息

  • 表格格式
  • 工作单格式
  • 卡片格式
题名:
中国科学技术情报学会学术年会论文选
    
 
作者: ;中国科学技术情报学会 编
分册:  
出版信息: 北京   科学技术文献出版社  1984
页数: 361页
开本: 21cm
丛书名:
单 册:
中图分类: G359.226
科图分类:
主题词: 情报学 , 情报工作
电子资源:
ISBN:
000 00729nam0 2200217 450
001 0640788937
005 20060810112403.12
010    @dCNY1.70
100    @a20060810d1984 km y0chiy0120 ea
101 0  @achi
102    @aCN@b110000
200 1  @a中国科学技术情报学会学术年会论文选@e1982@Azhong guo ke xue ji shu qing bao xue hui xue shu nian hui lun wen xuan@f中国科学技术情报学会编@Fzhong guo ke xue ji shu qing bao xue hui bian
210    @a北京@c科学技术文献出版社@d1984
215    @a361页@d21cm
517 1  @a1982
606 0  @a情报学
606 0  @a情报工作
690    @aG359.226@v3
711  0 @a中国科学技术情报学会@Azhong guo ke xue ji shu qing bao xue hui@4编
801  0 @aCN@bPFT@c20060810
905    @a10447@dG359.226@e104
    
    中国科学技术情报学会学术年会论文选:1982/中国科学技术情报学会编.-北京:科学技术文献出版社,1984
    361页;21cm
    
    
    ISBN :CNY1.70
    
●
相关链接 在E读中查询图书 在五车中查询图书 在当当中查询图书 在豆瓣中查询图书


正题名:中国科学技术情报学会学术年会论文选     索取号:G359.226/104         预约/预借

序号 登录号 条形码 馆藏地/架位号 状态 备注
1 0448421   204484218   密集书库/ [索取号:G359.226/104] 在馆    
2 0448426   204484263   密集书库/ [索取号:G359.226/104] 在馆    
唐山师范学院图书馆 欢迎您!
大连网信软件有限公司© 版权所有